000 02467cam a22005894i 4500
003 PE-LiUPU
005 20250731173039.0
008 151113r20152015mnua rb 000 0 eng d
020 _a1506402593
020 _a9781506402598
020 _z1451494378
020 _z9781451494372
035 _a(Sirsi) i9781506402598
035 _a(OCoLC)931467495
_z(OCoLC)929784634
_z(OCoLC)933388602
_z(OCoLC)967762335
_z(OCoLC)999572257
_z(OCoLC)1001381653
040 _aP@U
_beng
_epn
_cP@U
_dOCLCO
_dYDXCP
_dN$T
_dJSTOR
_dEBLCP
_dOCLCF
_dOCLCQ
_dVLB
_dOCLCQ
_dIOG
_dPE-LiUPU
_erda
049 _aPRUA
050 4 _aBS2555.5
_b.D62 2015
082 0 4 _a226.06
_bD8
_223
245 0 0 _aDocuments and images for the study of the Gospels /
_c[edited by] David R. Cartlidge and David L. Dungan.
250 _aThird edition /
_brevised by David R. Cartlidge.
264 1 _aMinneapolis :
_bFortress Press,
_c2015.
300 _axvii, 315 páginas :
_bilustraciones ;
_c23 centímetros
336 _atext
_2rdacontent
337 _aunmediated
_2rdamedia
338 _avolume
_2rdacarrier
504 _aBibliografía : al final de cada capítulo.
505 0 _aPreface to the third edition -- Introduction -- The Christian savior -- Greek, Jewish, and Roman parallels illustrating the milieu of the Gospels -- Greek, Jewish and Roman "Gospels".
526 _aSEG42
526 _aSEG41
526 _aSEG40
526 _aSEG39
526 _aP94
526 _aP87
526 _aP86
526 _aP85
526 _aP77
526 _aP76
526 _aP35
650 7 _aReligión
_xEstudios Bíblicos
_xJesús, los Evangelios y Hechos.
_2 bisacsh
650 7 _aReligión
_xEstudios Bíblicos
_x Nuevo Testamento.
_2bisacsh
650 7 _aReligion
_xBiblical Studies
_xJesus, the Gospels & Acts.
_2bisacsh
650 7 _aReligion
_xBiblical Studies
_xNew Testament.
_2bisacsh
700 1 _aCartlidge, David R.,
_eeditor.
700 1 _aDungan, David L.,
_eeditor.
910 _adbm
_bncf
_cncf
_d20171218
942 _2ddc
_cBOOK
949 _a226.06 D8
_wDEWEY
_c1
_i77639
_lCATALOGING
_mBUL
_p30.57
_r0
_sY
_tBOOK
_u2017-12-18
_xPOSGRADO
_PP85
_0COMPRA
_o.STAFF. Colección Teología.
994 _aC0
_bPEPRU
596 _a1
999 _a226.06 D8
_wDEWEY
_c26236
_i77639
_f2021-11-9
_g4
_lCCODEBUL1
_mBUL
_p30.57
_r0
_sY
_tBOOK
_u2017-12-18
_xTEOLOGIA
_PP85
_0COMPRA
_o.STAFF. Colección Teología.
_d26236
980 _81
_gALBERTO SANCHEZ Responsable de Automatización